000 00681cam a2200217 4500
001 BUCI001946
008 s19681968sp r 1 spa
035 _aBUCI001946
050 0 0 _aBJ319
_bW37 1968
100 1 _aWarnock, Mary
245 1 0 _aÉtica contemporánea /
_cMary Warnock ; tr. de Conchita López-Noguera de Muguerza ; presentación de Javier Murguerza.
250 _a1a ed.
260 _aBarcelona :
_bLabor,
_c1968
300 _a175 p. ;
_c20 cm.
440 0 _aNueva colección labor ; 61
504 _aIncluye índice
650 1 0 _aÉtica
_xHistoria
700 1 _aLópez-Noguera, Conchita,
_etr.
700 1 _aMuguerza, Javier,
_eintrod.
942 _2lcc
_cLIB
999 _c74856
_d74856